|
|
|
|
| LEADER |
00000nam0a2200000 4500 |
| 001 |
56460 |
| 005 |
20231031053451.0 |
| 010 |
|
|
|a 5724505789
|
| 035 |
|
|
|a (RuTPU)RU\TPU\book\59305
|
| 090 |
|
|
|a 56460
|
| 100 |
|
|
|a 20030930d1990 k y0rusy50 ca
|
| 101 |
0 |
|
|a rus
|
| 102 |
|
|
|a RU
|
| 105 |
|
|
|a a z 001zy
|
| 200 |
1 |
|
|a Неорганические компоненты твердых топлив
|f М. Я. Шпирт, В. Р. Клер, И. З. Перциков
|
| 210 |
|
|
|a Москва
|c Химия
|d 1990
|
| 215 |
|
|
|a 240 с.
|c ил.
|
| 320 |
|
|
|a Библиогр.: с. 236-239 (105 назв.)
|
| 610 |
1 |
|
|a неорганические компоненты
|
| 610 |
1 |
|
|a твердые фазы
|
| 610 |
1 |
|
|a топливо
|
| 610 |
1 |
|
|a переработка
|
| 610 |
1 |
|
|a минеральные компоненты
|
| 610 |
1 |
|
|a использование
|
| 610 |
1 |
|
|a органическая часть
|
| 610 |
1 |
|
|a горючие ископаемые
|
| 610 |
1 |
|
|a классификация
|
| 610 |
1 |
|
|a концентрированные растворы
|
| 610 |
1 |
|
|a утилизация
|
| 610 |
1 |
|
|a отходы
|
| 610 |
1 |
|
|a добыча
|
| 610 |
1 |
|
|a термообработка
|
| 610 |
1 |
|
|a физико-химические основы
|
| 675 |
|
|
|a 662.74
|v 3
|
| 700 |
|
1 |
|a Шпирт
|b М. Я.
|g Михаил Яковлевич
|
| 701 |
|
1 |
|a Клер
|b В. Р.
|g Владимир Робертович
|
| 701 |
|
1 |
|a Перциков
|b И. З.
|g Илья Зеликович
|
| 801 |
|
1 |
|a RU
|b 63413507
|c 20030930
|g PSBO
|
| 801 |
|
2 |
|a RU
|b 63413507
|c 20031003
|g PSBO
|
| 801 |
|
2 |
|a RU
|b 63413507
|c 20060111
|g PSBO
|
| 942 |
|
|
|c BK
|